El regreso del hijo pródigo: meditaciones ante un cuadro de Rembrandt

-д хадгалсан:
Номзүйн дэлгэрэнгүй
Үндсэн зохиолч: Nouwen, Henri Jozef Machiel (autor)
Формат: Ном
Хэл сонгох:испани
Хэвлэсэн: Madrid PPC 1997
Хэвлэл:20a. ed
Цуврал:Colección Sauce, 8
Нөхцлүүд:
Шошгууд: Шошго нэмэх
Шошго байхгүй, Энэхүү баримтыг шошголох эхний хүн болох!

MARC

LEADER 00000cam a2200000 a 4500
001 UCC6380
003 CL-VaPUC
008 181207e19970000sp |||||||||||||||||spa|d
020 |a 8428811512 
082 0 4 |a 226.8  |b NOU  |2 21 
100 |a Nouwen, Henri Jozef Machiel  |e autor  |9 455949 
245 1 3 |a El regreso del hijo pródigo: meditaciones ante un cuadro de Rembrandt 
250 |a 20a. ed 
300 |a 157 p 
942 |c BK 
945 |d 20181207 13:37:00  |a dcastane 
260 |a Madrid  |b PPC  |c 1997 
600 0 |a Rembrandt, Harmenszoon van Rijn  |9 331539 
650 0 |a Parábolas  |9 313604 
650 0 |a Filosofía de la religión   |9 256017 
583 |a last modification  |c 20181207 13:37:00  |k Rodrigo Vera 
490 0 |a Colección Sauce, 8 
999 |c 373329  |d 373327 
952 |0 0  |1 0  |3 erd  |4 0  |6 226_800000000000000_NOU_1997  |7 0  |8 A  |9 491399  |a BIBTEO  |b BIBTEO  |e Precht Pizarro, Jorge Enrique  |i 5520134  |o 226.8 NOU 1997  |p 5520134  |r 2025-01-17  |w 2019-11-24  |y BK  |z Catalogado en:20181207  |k ICR